| 000 | 00860nam a2200253 i 4500 | ||
|---|---|---|---|
| 001 | bg | ||
| 100 | 1 | _aMAJ, Jerzy | |
| 245 | 1 | 0 |
_aElementarz MAK-a dla bibliotekarzy / _cJerzy Maj. |
| 246 | 1 | 1 | _aAbc of MAK for librarians |
| 260 |
_aWarszawa : _bWydaw. SBP, _c1999. |
||
| 300 |
_a200, [3] s. : _brys. ; _c21 cm + _edyskietka. |
||
| 490 | 1 |
_aPropozycje i Materiały / Stowarzyszenie Bibliotekarzy Polskich = _aContributions and Materials / Polish Librarians Association ; _v27 |
|
| 500 | _aTyt. równol. : Abc of MAK for librarians. | ||
| 650 | 9 | _aMAK (informat.) | |
| 655 | _aPoradniki | ||
| 830 | 0 |
_aPropozycje i Materiały (Stowarzyszenie Bibliotekarzy Polskich) ; _v27 |
|
| 020 | _a8387629235 | ||
| 040 | _cBPK | ||
| 041 | 0 | _apl | |
| 080 | _a004.42(083.1) | ||
| 920 | _a83-87629-23-5 | ||
| 942 | _cKS | ||
| 008 | s pl f |000 0 pol | ||
| 999 |
_c36888 _d36888 |
||
| 856 |
_uhttp://koha.tu.koszalin.pl/cgi-bin/koha/opac-detail.pl?biblionumber=36888 _yKatalog online BPK |
||